[Event "GER-chT U20"]
[Site "Magdeburg"]
[Date "2023.12.28"]
[Round "3.2"]
[White "Melitzki, Richard"]
[Black "Gluma, Christian"]
[Result "1-0"]
[WhiteElo "1819"]
[BlackElo "2245"]
[PlyCount "81"]
[EventDate "2023.12.26"]
[EventType "team-swiss"]
[EventRounds "7"]
[EventCountry "GER"]
[SourceTitle "CBM 218 Extra"]
[Source "ChessBase"]
[SourceDate "2024.03.31"]
[SourceVersion "1"]
[SourceVersionDate "2024.03.31"]
[SourceQuality "1"]
[WhiteTeam "Plauen Koenig"]
[BlackTeam "Porz SG"]
[WhiteTeamCountry "GER"]
[BlackTeamCountry "GER"]

1. e4 g6 2. d4 Bg7 3. Nc3 c6 4. Nf3 d5 5. exd5 cxd5 6. Be3 Nc6 7. h3 Nf6 8. Be2 0-0 9. 0-0 a6 10. Na4 b6 11. c3 Bd7 12. Ne5 e6 13. Bg5 Be8 14. Qb3 Na5 15. Qb4 Bxa4 16. Qxa4 b5 17. Qd1 Qc7 18. Bf4 Qb7 19. Nd3 Nd7 20. a4 Nc6 21. axb5 axb5 22. Qb3 Rfc8 23. Nb4 Na5 24. Qd1 Nc4 25. Rxa8 Rxa8 26. b3 Na5 27. Qc2 Rc8 28. Ra1 Nc6 29. Qd3 Nc5 30. Qxb5 Qxb5 31. Bxb5 Nxb4 32. dxc5 Bxc3 33. Ra7 Nc6 34. Bxc6 Rxc6 35. Bh6 Rc8 36. c6 Bd4 37. Rd7 Bg7 38. c7 Bf6 39. b4 d4 40. b5 d3 41. b6 1-0

[Event "GER-chT U20"]
[Site "Willingen"]
[Date "2021.06.24"]
[Round "2"]
[White "Melitzki, Richard"]
[Black "Fock, Sana"]
[Result "1-0"]
[WhiteElo "1425"]
[BlackElo "1821"]
[PlyCount "73"]
[EventDate "2021.06.24"]
[EventType "team-swiss"]
[EventRounds "7"]
[EventCountry "GER"]
[SourceTitle "CBM 203 Extra"]
[Source "ChessBase"]
[SourceDate "2021.09.30"]
[SourceVersion "1"]
[SourceVersionDate "2021.09.30"]
[SourceQuality "1"]
[WhiteTeam "Plauen Koenig"]
[BlackTeam "Kreuzberg"]
[WhiteTeamCountry "GER"]
[BlackTeamCountry "GER"]

1. e4 c5 2. Nf3 d6 3. d4 cxd4 4. Nxd4 Nf6 5. Nc3 a6 6. Be2 e5 7. Nb3 Be6 8. 0-0 Nbd7 9. f4 exf4 10. Bxf4 Ne5 11. Kh1 Be7 12. Nd4 Bd7 13. Nf3 Qa5 14. Qd4 Nc6 15. Qf2 0-0 16. Rad1 Qb4 17. Bd3 Rfe8 18. Bc1 Bd8 19. a3 Qa5 20. Nd5 Ne5 21. Nxe5 dxe5 22. Bg5 Re6 23. Bc4 Be8 24. Nxf6+ Rxf6 25. Bxf6 Bxf6 26. Qg3 Qb6 27. Rf3 Rc8 28. Bb3 Kh8 29. Rfd3 Qb5 30. h3 g6 31. Qf3 Kg7 32. Rd5 Rc5 33. Ba4 Qxa4 34. Rxc5 Bc6 35. Rf1 Qxe4 36. Qxf6+ Kh6 37. Qf2 1-0

[Event "GER-chT U20"]
[Site "Willingen"]
[Date "2021.06.24"]
[Round "1"]
[White "Weisheit, Erik"]
[Black "Melitzki, Richard"]
[Result "1-0"]
[WhiteElo "1942"]
[BlackElo "1425"]
[PlyCount "82"]
[EventDate "2021.06.24"]
[EventType "team-swiss"]
[EventRounds "7"]
[EventCountry "GER"]
[SourceTitle "CBM 203 Extra"]
[Source "ChessBase"]
[SourceDate "2021.09.30"]
[SourceVersion "1"]
[SourceVersionDate "2021.09.30"]
[SourceQuality "1"]
[WhiteTeam "Augsburg"]
[BlackTeam "Plauen Koenig"]
[WhiteTeamCountry "GER"]
[BlackTeamCountry "GER"]

1. e4 e5 2. Nf3 Nc6 3. Bb5 a6 4. Ba4 Nf6 5. d3 b5 6. Bb3 Be7 7. 0-0 Bb7 8. Nc3 Na5 9. Re1 d6 10. Bd2 0-0 11. Bd5 c6 12. Bxf7+ Rxf7 13. b4 Bc8 14. bxa5 Bg4 15. h3 Bh5 16. Re3 d5 17. exd5 b4 18. Ne4 Nxe4 19. dxe4 Bc5 20. g4 Qf6 21. Rd3 Qg6 22. Nxe5 Bxf2+ 23. Kf1 Bd4+ 24. Nxf7 Rf8 25. Kg2 Qxe4+ 26. Qf3 Qxf3+ 27. Rxf3 Bxf7 28. Rxf7 Rxf7 29. Rf1 Rxf1 30. Kxf1 cxd5 31. Bxb4 Kf7 32. Ke2 g6 33. Kd3 Be5 34. c4 Ke6 35. Bd2 Kd6 36. Be3 Kc6 37. Bb6 Bg3 38. Bd8 Be1 39. Bb6 Bg3 40. Bd4 Be1 41. Bb6 Bg3 1-0